[Event "It"]
[Site "masterchessopen.com – Santiago (Chile)"]
[Round "0"]
[White "Ader Walter (CHI)"]
[Black "Geller Efim P (RUS)"]
[Result "0-1"]
[WhiteElo "2270"]
[BlackElo "2455"]

1.d4 Nf6 2.c4 g6 3.Nc3 Bg7 4.e4 O-O 5.Be2 d6 6.Nf3 e5 7.O-O Nc6 8.d5 Ne7 9.Ne1
Nd7 10.f3 f5 11.g4 Nf6 12.Be3 h6 13.Nd3 Kh8 14.c5 Neg8 15.cxd6 cxd6 16.Nf2
fxg4 17.fxg4 Nh7 18.Rc1 Bd7 19.Qb3 Qh4 20.Qa3 Rf6 21.Ncd1 h5 22.gxh5 Ng5
23.Rc7 Bb5 24.Nd3 Nh3+ 25.Kg2 Rxf1 26.Kxf1 Rf8+ 27.N3f2 Qg4 28.Bxb5 Qxd1+
29.Kg2 Qg1+ {#R} 0-1

[Event "It (open)"]
[Site "masterchessopen.com – Ybbs (Austria)"]
[Round "5"]
[White "Podgaets Mikhail (UKR)"]
[Black "Mista Ladislav (CZE)"]
[Result "1-0"]
[WhiteElo "2465"]
[BlackElo "2158"]

1.d4 Nf6 2.c4 g6 3.Nc3 Bg7 4.e4 d6 5.Be2 O-O 6.Nf3 e5 7.O-O Nc6 8.d5 Ne7 9.Ne1
Nd7 10.f3 f5 11.g4 Nf6 12.Nd3 c6 13.Be3 cxd5 14.cxd5 Bd7 15.Nf2 Kh8 16.Rc1
Nfg8 17.Qb3 b6 18.Kg2 Bh6 19.Nb5 Bxe3 20.Qxe3 Bxb5 21.Bxb5 fxe4 22.fxe4 Rf4
23.Nh3 Rxg4+ 24.Kh1 h6 25.Rf7 Rc8 26.Rcf1 Rh4 27.Qg3 Rxe4 28.Bd3 {#r} 1-0

[Event "It"]
[Site "masterchessopen.com – Reggio Emilia (Italy)"]
[Round "0"]
[White "Bertok Mario (CRO)"]
[Black "Wagman Stuart (USA)"]
[Result "1-0"]
[WhiteElo "2282"]
[BlackElo "2125"]

1.c4 Nf6 2.Nf3 g6 3.Nc3 Bg7 4.d4 O-O 5.e4 d6 6.Be2 e5 7.O-O Nc6 8.d5 Ne7 9.Ne1
Nd7 10.f3 f5 11.g4 Nf6 12.Ng2 c6 13.Be3 cxd5 14.cxd5 Bd7 15.a4 Qa5 16.h3 Rfc8
17.Qb3 Qd8 18.Qb4 Be8 19.a5 h5 20.g5 Nh7 21.h4 f4 22.Bf2 Bf8 23.Rfc1 Kh8
24.Nb5 Bxb5 25.Qxb5 {#r} 1-0

[Event "corr."]
[Site "masterchessopen.com – BRD"]
[Round "0"]
[White "Schmidt Waldemar (GER)"]
[Black "Gerlach Manuela (GER)"]
[Result "0-1"]
[WhiteElo "2029"]
[BlackElo "2062"]

1.d4 Nf6 2.c4 g6 3.Nc3 Bg7 4.e4 d6 5.Nf3 O-O 6.Be2 e5 7.O-O Nc6 8.d5 Ne7 9.Ne1
Nd7 10.f3 f5 11.g4 Nf6 12.Nd3 c6 13.Be3 cxd5 14.cxd5 f4 15.Bf2 g5 16.a4 h5
17.h3 Kf7 18.a5 Rh8 19.a6 bxa6 20.Nb4 hxg4 21.hxg4 Ng6 22.Kg2 Nh4+ 23.Bxh4
Rxh4 24.Qa4 Qb6 25.Qa3 Bxg4 26.Rh1 Bh3+ {#R} 0-1

[Event "It"]
[Site "masterchessopen.com – Caracas (Venezuela)"]
[Round "11"]
[White "Cuellar Gacharna Miguel (COL)"]
[Black "Yepez Olavo (ECU)"]
[Result "0-1"]
[WhiteElo "2280"]
[BlackElo "2305"]

1.c4 g6 2.d4 Nf6 3.Nc3 Bg7 4.e4 d6 5.Nf3 O-O 6.Be2 e5 7.O-O Nc6 8.d5 Ne7 9.Ne1
Nd7 10.f3 f5 11.g4 h5 12.g5 h4 13.Kh1 f4 14.Rg1 Kf7 15.b4 Rh8 16.c5 Nf8 17.Ba3
Rh5 18.Rc1 a6 19.b5 dxc5 20.Bxc5 Nd7 21.Bb4 a5 22.Ba3 Nb6 23.Na4 Nxa4 24.Qxa4
Bf8 25.Qc4 Ke8 26.Nd3 Nf5 27.Bxf8 Ng3+ 28.hxg3 hxg3+ {#R} 0-1

[Event "Ch Bulgaria"]
[Site "masterchessopen.com – Bulgaria"]
[Round "0"]
[White "Ermenkov Evgenij (PLE)"]
[Black "Tringov Georgi P (BUL)"]
[Result "1-0"]
[WhiteElo "2431"]
[BlackElo "2465"]

1.Nf3 Nf6 2.c4 g6 3.Nc3 Bg7 4.d4 O-O 5.e4 d6 6.Be2 e5 7.O-O Nc6 8.d5 Ne7 9.Ne1
Nd7 10.f3 f5 11.g4 Nf6 12.Nd3 Kh8 13.Kg2 Neg8 14.h4 Bd7 15.exf5 gxf5 16.g5 Nh5
17.f4 Nxf4+ 18.Nxf4 exf4 19.Bxf4 Qe7 20.Qd2 Be5 21.Rae1 Qg7 22.Kh1 Rae8 23.Bh5
Re7 24.Qh2 Be8 25.Bf3 Bxc3 26.bxc3 Rxe1 27.Rxe1 Qxc3 28.Qf2 h6 29.Bc1 Qxc4
30.Bb2+ Kh7 31.Rxe8 Rxe8 32.g6+ {#r} 1-0

[Event "Ch Yugoslavia"]
[Site "masterchessopen.com – Yugoslavia"]
[Round "0"]
[White "Lakic Nikola (BIH)"]
[Black "Nemet Ivan (SUI)"]
[Result "0-1"]
[WhiteElo "2380"]
[BlackElo "2348"]

1.d4 Nf6 2.c4 g6 3.Nc3 Bg7 4.e4 d6 5.Nf3 O-O 6.Be2 e5 7.O-O Nc6 8.d5 Ne7 9.Ne1
Nd7 10.f3 f5 11.g4 Nf6 12.Nd3 c6 13.Nf2 a6 14.Qb3 Rb8 15.a4 a5 16.c5 Kh8
17.Qa3 cxd5 18.exd5 Nexd5 19.g5 Nxc3 20.bxc3 Nd5 21.cxd6 e4 22.f4 e3 23.Nd3
Nxc3 24.Re1 b5 25.axb5 Nxb5 26.Qa2 Qxd6 27.Ne5 Nc3 28.Qxa5 Nxe2+ 29.Rxe2 Ra8
30.Qxa8 Qd1+ 31.Kg2 Qxe2+ 32.Kg3 Bxe5 {#R} 0-1

[Event "Ch Romania"]
[Site "masterchessopen.com – Timishoara (Romania)"]
[Round "0"]
[White "Bondoc Dan Vladimir (ROM)"]
[Black "Ghinda Mihail-Viorel (ROM)"]
[Result "0-1"]
[WhiteElo "2170"]
[BlackElo "2432"]

1.d4 Nf6 2.c4 g6 3.Nf3 Bg7 4.Nc3 O-O 5.e4 d6 6.Be2 e5 7.O-O Nc6 8.d5 Ne7 9.Ne1
Nd7 10.f3 f5 11.g4 Nf6 12.Nd3 c6 13.Nf2 Kh8 14.Rb1 h6 15.b4 cxd5 16.cxd5 fxg4
17.fxg4 g5 18.Be3 Ng6 19.Qd2 Nf4 20.Rfc1 Bd7 21.Rc2 Qe8 22.b5 b6 23.Ncd1 Rf7
24.Rc6 Bf8 25.Qc2 h5 26.gxh5 g4 27.Bc1 Rh7 28.Ne3 Qxh5 29.Nf1 Nxe2+ 30.Qxe2 g3
{#R} 0-1

[Event "?"]
[Site "masterchessopen.com – Virovitica (Croatia)"]
[Round "0"]
[White "Bertok Mario (CRO)"]
[Black "Portisch Ferenc (HUN)"]
[Result "0-1"]
[WhiteElo "2282"]
[BlackElo "2342"]

1.d4 Nf6 2.Nf3 g6 3.c4 Bg7 4.Nc3 O-O 5.e4 d6 6.Be2 e5 7.O-O Nc6 8.d5 Ne7 9.Ne1
Nd7 10.f3 f5 11.g4 Nf6 12.Ng2 c6 13.Be3 f4 14.Bf2 g5 15.h4 gxh4 16.Nxh4 h5
17.Kg2 cxd5 18.cxd5 hxg4 19.fxg4 b5 20.a3 a5 21.Rh1 Bd7 22.g5 Nh7 23.Bxb5 f3+
24.Kf1 Bxb5+ 25.Nxb5 Nxg5 26.Nc3 Qc8 27.Qd3 Rb8 28.Rb1 Nh3 29.Ke1 Qg4 30.Nd1
Bh6 31.Ne3 Bxe3 32.Qxe3 Rb3 {#R} 0-1

[Event "It (open)"]
[Site "masterchessopen.com – Brilon (Germany)"]
[Round "2"]
[White "Weber Franz-Josef (GER)"]
[Black "Lee Graham D (ENG)"]
[Result "0-1"]
[WhiteElo "2108"]
[BlackElo "2244"]

1.Nf3 d6 2.c4 g6 3.Nc3 Bg7 4.d4 Nf6 5.e4 O-O 6.Be2 e5 7.O-O Nc6 8.d5 Ne7 9.Ne1
Nd7 10.f3 f5 11.g4 Nf6 12.h3 c6 13.Nd3 a6 14.Be3 Bd7 15.Qb3 cxd5 16.Bb6 Qb8
17.cxd5 Nc8 18.Be3 b5 19.Nb4 Kh8 20.Rfc1 Ne7 21.a4 fxe4 22.fxe4 a5 23.Nc6 Nxc6
24.dxc6 Bxc6 25.axb5 Nxe4 26.Nxe4 Bxe4 27.b6 Qd8 28.g5 d5 29.b7 Rb8 30.Ba7
Qxg5+ 31.Bg4 Qd2 32.Qg3 Rxb7 {#R} 0-1

[Event "It"]
[Site "masterchessopen.com – Yurmala (Latvia)"]
[Round "14"]
[White "Knaak Rainer (GER)"]
[Black "Westerinen Heikki M J (FIN)"]
[Result "1-0"]
[WhiteElo "2482"]
[BlackElo "2450"]

1.d4 Nf6 2.c4 g6 3.Nc3 Bg7 4.e4 d6 5.Be2 O-O 6.Nf3 e5 7.O-O Nc6 8.d5 Ne7 9.Ne1
Nd7 10.f3 f5 11.g4 c5 12.dxc6 Qb6+ 13.Rf2 Qxc6 14.Nd3 fxg4 15.fxg4 Nf6 16.c5
Be6 17.cxd6 Qxd6 18.Be3 b6 19.g5 Nh5 20.Nb5 Qc6 21.Rxf8+ Rxf8 22.Nf2 Nf4
23.Bf1 Qb7 24.Rc1 Rc8 25.Rxc8+ Nxc8 26.Qd8+ Bf8 27.Nc7 Bf7 28.Ba6 Qc6 29.Qxc8
Qc2 30.Bxf4 exf4 31.Ne6 {#r} 1-0

[Event "It"]
[Site "masterchessopen.com – Budapest (Hungary)"]
[Round "0"]
[White "Banas Jan (SVK)"]
[Black "Mokry Karel (CZE)"]
[Result "0-1"]
[WhiteElo "2375"]
[BlackElo "2420"]

1.d4 Nf6 2.Nf3 g6 3.c4 Bg7 4.Nc3 O-O 5.e4 d6 6.Be2 e5 7.O-O Nc6 8.d5 Ne7 9.Ne1
Nd7 10.f3 f5 11.g4 h5 12.gxh5 f4 13.Nd3 Bf6 14.Kh1 Kf7 15.Bxf4 exf4 16.Nxf4
Nc5 17.hxg6+ Ke8 18.Nh5 Nxg6 19.Qd2 Bxc3 20.Qh6 Bxb2 21.Qxg6+ Kd7 22.Rab1 Bh8
23.f4 Qe8 24.Bg4+ Kd8 25.Qg5+ Qe7 26.h3 Bxg4 27.hxg4 Qxg5 28.fxg5 Rxf1+
29.Rxf1 Ke7 30.g6 Rf8 31.Rf5 Nxe4 {#R} 0-1

[Event "Cup Mitropa"]
[Site "masterchessopen.com – Luxembourg"]
[Round "6"]
[White "Prie Eric (FRA)"]
[Black "D'Amore Carlo (ITA)"]
[Result "0-1"]
[WhiteElo "2476"]
[BlackElo "2493"]

1.Nf3 Nf6 2.c4 g6 3.Nc3 Bg7 4.e4 d6 5.d4 O-O 6.Be2 e5 7.O-O Nc6 8.d5 Ne7 9.Ne1
Nd7 10.f3 f5 11.g4 Kh8 12.Be3 h5 13.g5 h4 14.Kh1 Rf7 15.Nd3 Bf8 16.f4 fxe4
17.Nxe4 Nf5 18.Bd2 Bg7 19.Bg4 exf4 20.Bxf5 Rxf5 21.Nxf4 Qe8 22.Ne6 Ne5 23.Rxf5
gxf5 24.Nf6 Bxf6 25.gxf6 Bxe6 26.dxe6 Qc6+ {#R} 0-1

[Event "Ch Australia"]
[Site "masterchessopen.com – Melbourne (Australia)"]
[Round "3"]
[White "Hjorth Greg (USA)"]
[Black "Smith Murray (AUS)"]
[Result "1-0"]
[WhiteElo "2378"]
[BlackElo "2320"]

1.d4 Nf6 2.c4 g6 3.Nc3 Bg7 4.e4 d6 5.Be2 O-O 6.Nf3 e5 7.O-O Nc6 8.d5 Ne7 9.Ne1
Nd7 10.f3 f5 11.g4 h5 12.g5 h4 13.Nd3 f4 14.Rb1 Kf7 15.Kf2 Rh8 16.c5 Ng8
17.Qb3 Nf8 18.Bd2 a6 19.Na4 Qxg5 20.Ba5 h3 21.Rg1 Qh4+ 22.Kf1 Qe7 23.cxd6 cxd6
24.Nb6 Rb8 25.Rc1 Bd7 26.Nc4 Rc8 27.Qxb7 Nf6 28.Nxd6+ {#r} 1-0

[Event "Ch Denmark (corr.)"]
[Site "masterchessopen.com – corr."]
[Round "0"]
[White "Granberg Niels"]
[Black "Boye Niels (DEN)"]
[Result "1-0"]
[WhiteElo "2200"]
[BlackElo "1970"]

1.d4 Nf6 2.c4 g6 3.Nc3 Bg7 4.e4 d6 5.Nf3 O-O 6.Be2 e5 7.O-O Nc6 8.d5 Ne7 9.Ne1
Nd7 10.f3 f5 11.g4 Nf6 12.Nd3 c6 13.Be3 cxd5 14.cxd5 Bd7 15.a4 a5 16.h3 b6
17.Qb3 Nc8 18.Rac1 fxe4 19.fxe4 Be8 20.g5 Nd7 21.Rxf8+ Bxf8 22.Nf2 Be7 23.h4
h6 24.Nh3 Nc5 25.Qd1 Na7 26.Kh2 Rc8 27.gxh6 Bxh4 28.Qg1 Nb3 29.Rf1 Nd4 30.Bxd4
exd4 31.Qxd4 Qc7 32.Bg4 {#r} 1-0

[Event "It (open)"]
[Site "masterchessopen.com – Metz (France)"]
[Round "0"]
[White "Ghitescu Theodor (ROM)"]
[Black "Soyer Jean-Yves (FRA)"]
[Result "1-0"]
[WhiteElo "2384"]
[BlackElo "2049"]

1.d4 Nf6 2.c4 g6 3.Nf3 Bg7 4.Nc3 O-O 5.e4 d6 6.Be2 e5 7.O-O Nc6 8.d5 Ne7 9.Ne1
Nd7 10.f3 f5 11.g4 fxg4 12.fxg4 Rxf1+ 13.Kxf1 h6 14.h4 Nf6 15.Nd3 c5 16.Nf2
Kh8 17.g5 hxg5 18.hxg5 Nh7 19.Bg4 Ng8 20.Bxc8 Qxc8 21.Be3 Bf8 22.Kg2 Qd7
23.Qh1 Re8 24.Qh4 Re7 25.Rh1 Rf7 26.b3 Be7 27.Nb1 a6 28.Nd2 Bd8 29.Nf3 Rg7
30.Ng4 Rf7 31.Ngxe5 dxe5 32.Nxe5 {#r} 1-0

[Event "It (open)"]
[Site "masterchessopen.com – Montreal (Canada)"]
[Round "6"]
[White "Stone Raymond (CAN)"]
[Black "Levtchouk George (CAN)"]
[Result "0-1"]
[WhiteElo "2305"]
[BlackElo "2323"]

1.d4 Nf6 2.c4 g6 3.Nc3 Bg7 4.e4 d6 5.Nf3 O-O 6.Be2 e5 7.O-O Nc6 8.d5 Ne7 9.Ne1
Nd7 10.f3 f5 11.g4 Nf6 12.Be3 f4 13.Bf2 g5 14.c5 h5 15.cxd6 cxd6 16.h3 Ng6
17.Rc1 Rf7 18.a4 Bf8 19.b4 Rh7 20.Ng2 hxg4 21.hxg4 Be7 22.Nb5 Qf8 23.Bxa7 Qh6
24.Kf2 Qh2 25.Rh1 Qg3+ 26.Kg1 Rxh1+ 27.Kxh1 Bd7 28.Bg1 Kf7 29.Bh2 Rh8 30.Qg1
Bxg4 31.Ne1 Nxe4 {#R} 0-1

[Event "Ch China"]
[Site "masterchessopen.com – China"]
[Round "0"]
[White "Li Zunian (CHN)"]
[Black "Chen De (CHN)"]
[Result "0-1"]
[WhiteElo "2450"]
[BlackElo "2361"]

1.d4 Nf6 2.c4 g6 3.Nc3 Bg7 4.e4 d6 5.Nf3 O-O 6.Be2 e5 7.O-O Nc6 8.d5 Ne7 9.Ne1
Nd7 10.f3 f5 11.g4 Kh8 12.Be3 Ng8 13.Qd2 a6 14.Ng2 Rf7 15.b4 Bf8 16.Rac1 f4
17.Bf2 h5 18.Nh4 hxg4 19.Nxg6+ Kh7 20.Bh4 Ndf6 21.Nxf8+ Qxf8 22.fxg4 Bxg4
23.Kh1 Qh6 24.Bf2 Qh5 25.Bxg4 Nxg4 26.Bg1 f3 27.Nd1 Qh3 28.Rf2 N8h6 29.Ne3
Nxe3 30.Qxe3 Ng4 31.Qd2 Nxf2+ 32.Qxf2 Rg8 {#R} 0-1

[Event "?"]
[Site "masterchessopen.com – Malaga (Spain)"]
[Round "0"]
[White "Cramling Dan (SWE)"]
[Black "Reyes Juan (PER)"]
[Result "0-1"]
[WhiteElo "2392"]
[BlackElo "2437"]

1.Nf3 Nf6 2.c4 g6 3.Nc3 Bg7 4.e4 d6 5.d4 O-O 6.Be2 e5 7.O-O Nc6 8.d5 Ne7 9.Ne1
Nd7 10.f3 f5 11.g4 Nf6 12.Nd3 c6 13.Kg2 Kh8 14.h3 b5 15.Nb4 bxc4 16.Bxc4 cxd5
17.Nbxd5 Be6 18.Bg5 Bxd5 19.Bxd5 Nexd5 20.Nxd5 Nxd5 {#R} 0-1

[Event "?"]
[Site "masterchessopen.com – Porabka (Poland)"]
[Round "1"]
[White "Halasz Tamas (HUN)"]
[Black "Riemersma Liafbern (NED)"]
[Result "1-0"]
[WhiteElo "2356"]
[BlackElo "2395"]

1.d4 Nf6 2.c4 g6 3.Nc3 Bg7 4.e4 d6 5.Be2 O-O 6.Nf3 e5 7.O-O Nc6 8.d5 Ne7 9.Ne1
Nd7 10.f3 f5 11.g4 Nf6 12.Nd3 c6 13.Be3 Kh8 14.Rc1 b5 15.c5 cxd5 16.cxd6 d4
17.dxe7 Qxe7 18.g5 Nxe4 19.Nd5 Qd8 20.fxe4 dxe3 21.h4 h6 22.gxh6 Bxh6 23.Nxe5
Qe8 24.Ne7 Rf6 25.Rc7 Be6 26.Ng4 {#r} 1-0

[Event "It (open)"]
[Site "masterchessopen.com – Bad Mergentheim (Germany)"]
[Round "0"]
[White "Podzielny Karl-Heinz (GER)"]
[Black "Bellingrath Jens (GER)"]
[Result "1-0"]
[WhiteElo "2470"]
[BlackElo "2103"]

1.d4 Nf6 2.Nf3 g6 3.c4 Bg7 4.Nc3 O-O 5.e4 d6 6.Be2 e5 7.O-O Nc6 8.d5 Ne7 9.Ne1
Nd7 10.f3 f5 11.g4 Nf6 12.Rf2 c6 13.Nd3 cxd5 14.cxd5 Bd7 15.Rg2 fxg4 16.fxg4
b5 17.Be3 a5 18.Nf2 Qb8 19.b3 Ne8 20.a4 Nc7 21.g5 b4 22.Nb1 Na6 23.Nd2 Nc5
24.Bxc5 dxc5 25.Bg4 Bxg4 26.Qxg4 Qc8 27.Qxc8 Nxc8 28.Nc4 Ra6 29.Nd3 Ra7 {#r}
1-0

[Event "It (open)"]
[Site "masterchessopen.com – Geneva (Switzerland)"]
[Round "0"]
[White "Izeta Txabarri Felix (ESP)"]
[Black "Hebden Mark (ENG)"]
[Result "0-1"]
[WhiteElo "2459"]
[BlackElo "2460"]

1.d4 Nf6 2.Nf3 g6 3.c4 Bg7 4.Nc3 O-O 5.e4 d6 6.Be2 e5 7.O-O Nc6 8.d5 Ne7 9.Ne1
Nd7 10.f3 f5 11.g4 Kh8 12.Be3 Ng8 13.Qd2 a6 14.Ng2 Rf7 15.gxf5 gxf5 16.f4 Nc5
17.fxe5 Bxe5 18.Bg5 Qf8 19.Bh5 Rg7 20.Rae1 Nf6 21.Bf3 f4 22.Bh4 Bh3 23.Kh1 Ng4
24.Rg1 Qf7 25.b4 Nd7 26.Nd1 Rag8 27.Re2 Rg6 28.Be1 Qg7 29.Qc1 Nxh2 30.Kxh2 Rh6
31.Nh4 Qxg1+ 32.Kxh3 Rg3+ {#R} 0-1

[Event "It \"]
[Site "masterchessopen.com – Philadelphia (USA)"]
[Round "0"]
[White "Bonin Jay R (USA)"]
[Black "Kaplan Julio P (USA)"]
[Result "1-0"]
[WhiteElo "2325"]
[BlackElo "2480"]

1.d4 Nf6 2.Nf3 g6 3.c4 Bg7 4.Nc3 d6 5.e4 O-O 6.Be2 e5 7.O-O Nc6 8.d5 Ne7 9.Ne1
Nd7 10.f3 f5 11.g4 fxg4 12.fxg4 Rxf1+ 13.Kxf1 a5 14.Nd3 c6 15.Be3 cxd5 16.cxd5
h6 17.h4 Nf6 18.Nf2 Bd7 19.g5 hxg5 20.hxg5 Ne8 21.a4 Rc8 22.Bg4 Bxg4 23.Qxg4
Nc7 24.Kg2 Qe8 25.Nd3 Na6 26.Rf1 Nc7 27.Bb6 {#r} 1-0

[Event "Ch Chess Club"]
[Site "masterchessopen.com – Long Island (USA)"]
[Round "6"]
[White "Salman Joel (USA)"]
[Black "Reichman Andre (USA)"]
[Result "0-1"]
[WhiteElo "2171"]
[BlackElo "2180"]

1.d4 Nf6 2.Nf3 g6 3.c4 Bg7 4.Nc3 O-O 5.e4 d6 6.Be2 e5 7.O-O Nc6 8.d5 Ne7 9.Ne1
Nd7 10.f3 h5 11.Be3 f5 12.Nb5 a6 13.Na7 Rxa7 14.Bxa7 b6 15.b4 Bb7 16.c5 dxc5
17.Qa4 cxb4 18.Rc1 Bh6 19.Rc2 Nc8 20.Bxb6 cxb6 21.Qxb4 Be3+ 22.Kh1 Bc5 23.Qa4
Nd6 24.Nd3 fxe4 25.fxe4 Rxf1+ 26.Bxf1 b5 27.Qb3 Qf6 28.Be2 Nxe4 29.Bf3 Bb6
30.Rc6 Nd6 31.h3 Kg7 {#R} 0-1

[Event "It (open)"]
[Site "masterchessopen.com – Lyngby (Denmark)"]
[Round "0"]
[White "Jensen Rene (DEN)"]
[Black "Larsen Steen Skovlund (DEN)"]
[Result "0-1"]
[WhiteElo "2295"]
[BlackElo "2317"]

1.d4 Nf6 2.c4 g6 3.Nc3 Bg7 4.e4 O-O 5.Be2 d6 6.Nf3 e5 7.O-O Nc6 8.d5 Ne7 9.Ne1
Nd7 10.f3 f5 11.g4 Kh8 12.Be3 Ng8 13.Ng2 a5 14.a3 Nc5 15.Rb1 Bd7 16.b4 axb4
17.axb4 Na4 18.Qc2 Nxc3 19.Qxc3 fxe4 20.fxe4 Nf6 21.Bg5 Nxe4 {#R} 0-1

[Event "Staatsliga"]
[Site "masterchessopen.com – Austria"]
[Round "0"]
[White "Wohlmann Erich (AUT)"]
[Black "Sinowjew Juri (AUT)"]
[Result "1-0"]
[WhiteElo "2235"]
[BlackElo "2283"]

1.d4 Nf6 2.c4 g6 3.Nc3 Bg7 4.e4 d6 5.Be2 O-O 6.Nf3 e5 7.O-O Nc6 8.d5 Ne7 9.Ne1
Nd7 10.f3 f5 11.g4 Kh8 12.Kg2 Ng8 13.g5 f4 14.h4 Rf7 15.Nd3 Bf8 16.Rh1 h6
17.Qg1 Be7 18.Kf1 hxg5 19.hxg5+ Kg7 20.Nb5 a6 21.Nd4 exd4 22.Nxf4 Ne5 23.Qg3
Bg4 24.Qxg4 Rxf4 25.Qxf4 d3 26.Qh4 dxe2+ 27.Kxe2 Nxc4 28.Qh8+ Kf8 29.Rh7 Ke8
30.Qxg8+ Kd7 31.Qe6+ {#r} 1-0

[Event "It (open)"]
[Site "masterchessopen.com – Eger (Hungary)"]
[Round "0"]
[White "Dermann Guido (GER)"]
[Black "Mester Gyula (HUN)"]
[Result "1-0"]
[WhiteElo "2315"]
[BlackElo "2425"]

1.d4 Nf6 2.Nf3 g6 3.c4 Bg7 4.Nc3 O-O 5.e4 d6 6.Be2 e5 7.O-O Nc6 8.d5 Ne7 9.Ne1
Nd7 10.f3 f5 11.Be3 f4 12.Bf2 g5 13.Nb5 a6 14.Na7 Rxa7 15.Bxa7 b6 16.b4 c5
17.dxc6 Nxc6 18.Qd5+ {#r} 1-0

[Event "Cup Arnold"]
[Site "masterchessopen.com – Gausdal (Norway)"]
[Round "0"]
[White "Ziegler Ari (SWE)"]
[Black "Pedersen Steffen (DEN)"]
[Result "0-1"]
[WhiteElo "2341"]
[BlackElo "2431"]

1.d4 Nf6 2.c4 g6 3.Nc3 Bg7 4.e4 d6 5.Nf3 O-O 6.Be2 e5 7.O-O Nc6 8.d5 Ne7 9.Ne1
Nd7 10.f3 f5 11.Nd3 f4 12.g4 Bf6 13.Bd2 h5 14.Be1 hxg4 15.fxg4 Kg7 16.Bf2 Rh8
17.Kh1 Bh4 18.Bg1 Nf6 19.Bf3 Rh7 20.Rc1 Bd7 21.Rc2 a6 22.Qe2 Qh8 23.Kg2 Qc8
24.c5 Bxg4 25.Bxg4 Qxg4+ 26.Qxg4 Nxg4 27.cxd6 cxd6 28.Na4 Rah8 29.Nb6 Bf6
30.h3 Rxh3 {#R} 0-1

[Event "Ch Pan-American"]
[Site "masterchessopen.com – Bariloche (Argentina)"]
[Round "10"]
[White "Salguero Francisco (ARG)"]
[Black "Watanabe Roberto (BRA)"]
[Result "0-1"]
[WhiteElo "2363"]
[BlackElo "2325"]

1.Nf3 Nf6 2.c4 g6 3.Nc3 Bg7 4.d4 O-O 5.e4 d6 6.Be2 e5 7.O-O Nc6 8.d5 Ne7 9.Ne1
Nd7 10.f3 f5 11.g4 Nf6 12.Nd3 Kh8 13.Bd2 h6 14.h4 c6 15.Kg2 b5 16.b3 Rb8
17.dxc6 bxc4 18.bxc4 Nxc6 19.Rh1 Nd4 20.g5 Nh5 21.gxh6 Bf6 22.Nd5 Bxh4 23.Be3
f4 {#R} 0-1

[Event "It (open)"]
[Site "masterchessopen.com – Mar del Plata (Argentina)"]
[Round "0"]
[White "Quatrini Alejandro (ARG)"]
[Black "Fiorito Fabian (ARG)"]
[Result "0-1"]
[WhiteElo "2181"]
[BlackElo "2438"]

1.d4 Nf6 2.Nf3 g6 3.c4 Bg7 4.Nc3 O-O 5.e4 d6 6.Be2 e5 7.O-O Nc6 8.d5 Ne7 9.Ne1
Nd7 10.f3 f5 11.g4 Kh8 12.Be3 Ng8 13.Qd2 a5 14.Nd3 b6 15.h3 Nc5 16.b3 Bd7
17.Rab1 Rf7 18.a3 Qh4 19.Kg2 Bh6 20.Nxc5 bxc5 21.b4 axb4 22.axb4 cxb4 23.Rxb4
Raf8 24.Bxh6 Nxh6 25.Qe3 fxg4 26.hxg4 Nxg4 {#R} 0-1

[Event "It (open)"]
[Site "masterchessopen.com – Aarhus (Denmark)"]
[Round "3"]
[White "Hansen Bjarne (DEN)"]
[Black "Ziska Bogi (FAI)"]
[Result "0-1"]
[WhiteElo "2235"]
[BlackElo "2202"]

1.d4 Nf6 2.c4 g6 3.Nc3 Bg7 4.e4 d6 5.Nf3 O-O 6.Be2 e5 7.O-O Nc6 8.d5 Ne7 9.Ne1
Nd7 10.f3 f5 11.g4 Kh8 12.Be3 Ng8 13.Qd2 a5 14.Nd3 b6 15.a3 Nc5 16.Nxc5 bxc5
17.Bd1 Rf7 18.h3 Qh4 19.Qg2 Bh6 20.Bf2 Qe7 21.Ba4 Bg5 22.Bc6 Rb8 23.Nb5 h5
24.b4 hxg4 25.bxa5 gxh3 26.Qh2 Bf4 27.Bg3 Qg5 28.Kf2 fxe4 29.Bxf4 Rxf4 30.Ke2
exf3+ 31.Rxf3 Bg4 {#R} 0-1

[Event "It (open)"]
[Site "masterchessopen.com – Athens (Greece)"]
[Round "5"]
[White "Pountzas Hrisanthos (GRE)"]
[Black "Gripeos Kiriakos (GRE)"]
[Result "1-0"]
[WhiteElo "2129"]
[BlackElo "2109"]

1.c4 g6 2.e4 Bg7 3.Nf3 d6 4.d4 Nf6 5.Nc3 O-O 6.Be2 e5 7.O-O Nc6 8.d5 Ne7 9.Ne1
Nd7 10.f3 f5 11.g4 Nf6 12.Be3 c6 13.h3 Kh8 14.Qd2 Bd7 15.Nc2 a6 16.Rad1 c5
17.b4 b6 18.Rb1 Qc7 19.Rb3 Neg8 20.Rfb1 Bc8 21.bxc5 bxc5 22.Rb6 Nd7 23.Rc6 Qd8
24.Rxd6 Qh4 25.Kg2 Bh6 26.exf5 gxf5 27.Bxh6 {#r} 1-0

[Event "Zt"]
[Site "masterchessopen.com – Brussels (Belgium)"]
[Round "1"]
[White "Reinderman Dimitri (NED)"]
[Black "Hajenius Willem (BEL)"]
[Result "1-0"]
[WhiteElo "2435"]
[BlackElo "2002"]

1.c4 Nf6 2.Nc3 g6 3.d4 d6 4.e4 Bg7 5.Nf3 O-O 6.Be2 e5 7.O-O Nc6 8.d5 Ne7 9.Ne1
Nd7 10.f3 f5 11.Be3 f4 12.Bf2 g5 13.a4 Ng6 14.a5 Rf7 15.Nb5 a6 16.Na7 h5
17.Nxc8 Qxc8 18.Nd3 Bh6 19.c5 Nf6 20.Rc1 g4 21.cxd6 Nxe4 22.fxe4 f3 23.gxf3
gxf3 24.Bxf3 Bxc1 25.Nxc1 Nf4 26.dxc7 Qxc7 27.Kh1 Kh8 28.Nd3 Nxd3 29.Qxd3 Raf8
30.Bg3 Qd6 31.Qc3 Re7 32.Rg1 {#r} 1-0

[Event "It (open)"]
[Site "masterchessopen.com – Groningen (Netherlands)"]
[Round "9"]
[White "Etchegaray Patrice (FRA)"]
[Black "Le Quang Kim (BEL)"]
[Result "1-0"]
[WhiteElo "2410"]
[BlackElo "2326"]

1.d4 Nf6 2.c4 g6 3.Nc3 Bg7 4.e4 d6 5.Be2 O-O 6.Nf3 e5 7.O-O Nc6 8.d5 Ne7 9.Ne1
Nd7 10.f3 f5 11.g4 Kh8 12.h4 Ng8 13.g5 f4 14.Kg2 h6 15.Rh1 Rf7 16.Nd3 Bf8
17.Qg1 Rh7 18.Kf1 hxg5 19.hxg5 Rxh1 20.Qxh1+ Kg7 21.Qh4 Be7 22.Nxf4 exf4
23.Bxf4 Ne5 24.Be3 {#r} 1-0

[Event "Ch Rheinhessen (2)"]
[Site "masterchessopen.com – Wallertheim (Germany)"]
[Round "0"]
[White "Winter Dirk"]
[Black "Hartmann Wolfram (GER)"]
[Result "0-1"]
[WhiteElo "1810"]
[BlackElo "2244"]

1.d4 Nf6 2.c4 g6 3.Nc3 Bg7 4.e4 d6 5.Nf3 O-O 6.Be2 e5 7.O-O Nc6 8.d5 Ne7 9.Ne1
Nd7 10.f3 f5 11.Nd3 Nf6 12.Bd2 f4 13.Rc1 g5 14.c5 Ng6 15.cxd6 cxd6 16.Qb3 Rf7
17.Rc2 g4 18.Rfc1 gxf3 19.Bxf3 Bg4 20.Be1 Bf8 21.Nb5 Bxf3 22.gxf3 Ne8 23.Bf2
Rg7 24.Kh1 a6 25.Na7 Qd7 26.Rc8 Rxc8 27.Nxc8 Qh3 28.Nb4 Nh4 29.Rg1 Rxg1+ {#R}
0-1

[Event "It (open)"]
[Site "masterchessopen.com – Aschach (Austria)"]
[Round "0"]
[White "Stanec Nikolaus (AUT)"]
[Black "Klundt Klaus (GER)"]
[Result "1-0"]
[WhiteElo "2450"]
[BlackElo "2385"]

1.d4 Nf6 2.c4 g6 3.Nc3 Bg7 4.e4 O-O 5.Nf3 d6 6.Be2 e5 7.O-O Nc6 8.d5 Ne7 9.Ne1
Nd7 10.f3 f5 11.Be3 f4 12.Bf2 g5 13.g4 fxg3 14.hxg3 Ng6 15.Ng2 Nf6 16.Ne3 h5
17.Bd3 g4 18.Nf5 gxf3 19.Qxf3 Ng4 20.Kh1 Qg5 21.Bg1 Bd7 22.Rac1 Rf7 23.c5 Bf8
24.c6 bxc6 25.dxc6 Bxc6 26.Nd5 h4 27.Be2 Nf6 28.Be3 Qxf5 29.Nxf6+ {#r} 1-0